| 000 | 00383nam a22000977a 4500 | ||
|---|---|---|---|
| 008 | 171209b xxu||||| |||| 00| 0 eng d | ||
| 100 | _aZinsmeister, Marian | ||
| 245 | _aCentenary issues (1940-1960) | ||
| 260 |
_aChicago _bThe Society of Philatelic Americans _c1961 |
||
| 650 | _aAnniversaries of Issues | Commemorative Issues | 1940-1971 | Souvenir Sheets | 20th Century | Designs Production | ||
| 999 |
_c2569 _d2569 |
||